Τα τείχη της Θεσσαλονίκης : από τον Κάσσανδρο ως τον Ηράκλειο
Αποθηκεύτηκε σε:
| Κύριος συγγραφέας: | |
|---|---|
| Μορφή: | Βιβλίο |
| Γλώσσα: | Greek |
| Δημοσίευση: |
Θεσσαλονίκη :
University Studio Press,
1998.
|
| Έκδοση: | 1η έκδ. |
| Θέματα: | |
| Ετικέτες: |
Προσθήκη ετικέτας
Δεν υπάρχουν, Καταχωρήστε ετικέτα πρώτοι!
|
MARC
| LEADER | 00000cam a2200000 i 4500 | ||
|---|---|---|---|
| 001 | 1/46302 | ||
| 008 | 070615s1998 gr | ||| |||| ||gre|| | ||
| 020 | |a 9601206655 | ||
| 035 | |l 10088340 | ||
| 040 | |a GR-MyUa |b gre |e AACR2 | ||
| 041 | 0 | |a gre |b eng | |
| 082 | 7 | |a 938.33 |2 (22) | |
| 100 | 1 | |a Βελένης, Γεώργιος Μ. | |
| 245 | 1 | 3 | |a Τα τείχη της Θεσσαλονίκης : |b από τον Κάσσανδρο ως τον Ηράκλειο / |c Γεώργιος Μ. Βελένης. |
| 250 | |a 1η έκδ. | ||
| 260 | |a Θεσσαλονίκη : |b University Studio Press, |c 1998. | ||
| 300 | |a 188 σ. : |b εικ. (μερ. έγχρ.), σχεδιαγρ. ; |c 29 εκ. | ||
| 500 | |a Περιέχει περίληψη στα αγγλικά. | ||
| 504 | |a Περιλαμβάνει βιβλιογραφία (σ. 13-16) και ευρετήριο. | ||
| 650 | 0 | |a City walls |z Greece |z Thessalonike. | |
| 650 | 0 | |a Fortification |z Greece |z Thessalonike. | |
| 651 | 0 | |a Thessalonike (Greece) |x Antiquities. | |
| 651 | 0 | |a Thessalonike (Greece) |x Antiquities, Byzantine. | |
| 852 | |a INST |b LESVOS |e 20070615 |h 938.33 ΒΕΛ |p 005100038071 |q 005100038071 |t BK |y 0 | ||
| 901 | |a BIBL1-2007-2 | ||
| 922 | |a 1ΕΛΗ |b 200705 |c ΕΠΕΑΕΚ2/ΤΚΑ |d Σ. ΠΑΤΑΚΗΣ | ||
| 970 | |a ΚΑΡΑ |b ΓΙΑΣΕΜΗ |z 2007/06/15 | ||